R v Rochdale MBC ex p Milne (Record no. 66670)

MARC details
000 -LEADER
fixed length control field 01050cam a2200205 4500
001 - CONTROL NUMBER
control field X111871
008 - FIXED-LENGTH DATA ELEMENTS--GENERAL INFORMATION
fixed length control field 000000n2001 000 0 eng u
035 ## - SYSTEM CONTROL NUMBER
System control number (Sirsi) u111871
245 ## - TITLE STATEMENT
Title R v Rochdale MBC ex p Milne
260 ## - PUBLICATION, DISTRIBUTION, ETC.
Date of publication, distribution, etc. 2001
490 ## - SERIES STATEMENT
Series statement Journal of Planning and Environment Law
Volume/sequential designation [2001] JPL 470-494(24)
520 ## - SUMMARY, ETC.
Summary, etc. QBD 31 July 2000. Outline planning permission - environmental assessment- whether application for outline permission satisfied the requirements of the Environmental Assessment Regulations - s54A of the 1990 Act - whether a proposal accorded with the Development Pan where it failed to accord with every policy in the Plan - Challenge to grant of permission. Application dismissed [taken from journal headnote].
650 ## - SUBJECT ADDED ENTRY--TOPICAL TERM
Topical term or geographic name entry element R V ROCHDALE MBC EX P MILNE AND OTHERS
650 ## - SUBJECT ADDED ENTRY--TOPICAL TERM
Topical term or geographic name entry element OUTLINE PLANNING PERMISSION
650 ## - SUBJECT ADDED ENTRY--TOPICAL TERM
Topical term or geographic name entry element ENVIRONMENTAL ASSESSMENT REGULATIONS 1999
650 ## - SUBJECT ADDED ENTRY--TOPICAL TERM
Topical term or geographic name entry element TOWN AND COUNTRY PLANNING ACT 1990 S54A
650 ## - SUBJECT ADDED ENTRY--TOPICAL TERM
Topical term or geographic name entry element LOCAL DEVELOPMENT PLANS
690 ## - LOCAL SUBJECT ADDED ENTRY--TOPICAL TERM (OCLC, RLIN)
Topical term or geographic name as entry element Planning and development
9 (RLIN) 6259
942 ## - ADDED ENTRY ELEMENTS (KOHA)
Suppress in OPAC 0
Holdings
Withdrawn status Lost status Source of classification or shelving scheme Damaged status Not for loan Home library Current library Shelving location Date acquired Total Checkouts Full call number Barcode Date last seen Copy number Price effective from Koha item type
    Dewey Decimal Classification     London London Journal article 05/04/2001   X111871 111871-1001 06/08/2019 1 06/08/2019 Law report